Gigalinery se přes hranice (zatím) nedostanou

Využívanie dlhých kamiónových súprav tzv. gigalinerov v cestnej nákladnej doprave v Českej republike. Potrebné povolenie Ministerstva dopravy. Výhody využívania týchto vozidiel. Cestná sieť pre gigalinery v Nemecku. Prechod cez štátne hranice zatiaľ nie je povolený.

Saved in:
Bibliographic Details
Main Author: Toman, Pavel
Format: Book Chapter
Language:Czech
Subjects:
Tags: Add Tag
No Tags, Be the first to tag this record!

MARC

LEADER 00000naa a2200000 4500
001 0246588
005 20180725085645.0
041 0 |a cze 
044 |a CZ 
245 1 0 |a Gigalinery se přes hranice (zatím) nedostanou  |c Pavel Toman 
520 |a Využívanie dlhých kamiónových súprav tzv. gigalinerov v cestnej nákladnej doprave v Českej republike. Potrebné povolenie Ministerstva dopravy. Výhody využívania týchto vozidiel. Cestná sieť pre gigalinery v Nemecku. Prechod cez štátne hranice zatiaľ nie je povolený. 
610 2 0 |a doprava cestná nákladná 
610 2 0 |a vozidlá motorové 
610 2 0 |a efektívnosť 
610 2 0 |a optimalizácia 
610 2 0 |a náklady 
610 2 0 |a ochrana prostredia životného 
610 2 0 |a Česko 
100 1 |a Toman, Pavel